Formula 1 Engines with most First Rows Locked - Statistics

General Stats
  • This quiz has been taken 105 times
  • The average score is 7 of 16
Answer Stats
Number of first rows Engine % Correct
68 Ferrari
100%
118 Mercedes
98%
44 Honda
94%
107 Renault
90%
8 BMW
60%
1 Toyota
56%
4 Alfa Romeo
44%
73 Ford Cosworth
27%
1 Red Bull Powertrains
26%
1 TAG Heuer
24%
10 Climax
22%
1 Vanwall
20%
1 TAG Porsche
16%
1 Repco
15%
1 Honda Red Bull Powertrains
6%
9 Offenhauser
6%
No matching quizzes found
Score Distribution
Percent of People with Each Score
Percentile by Number Answered
Your Score History
You have not taken this quiz